Normal view
MARC view
- Saeed,Saira
Entry Personal Name
001 - CONTROL NUMBER
- control field: 5081
003 - CONTROL NUMBER IDENTIFIER
- control field: NUST
005 - DATE AND TIME OF LATEST TRANSACTION
- control field: 20170928131901.0
008 - FIXED-LENGTH DATA ELEMENTS
- fixed length control field: 170928|| aca||aabn | a|a d
040 ## - CATALOGING SOURCE
- Original cataloging agency: NUST
- Transcribing agency: NUST
100 ## - HEADING--PERSONAL NAME
- Personal name: Saeed,Saira
670 ## - SOURCE DATA FOUND
- Source citation: Work cat.: (NUST): Saeed,Saira, Public debt and economic growth: an analysis under endogeneity & non-linearity, 2016
